OJT : Pemantapan dokumentasi akreditasi MQA : 20 - 22 Mac 2018

Bibliographic Details
Corporate Authors: OJT : Pemantapan dokumentasi akreditasi MQA, INSPEN ( Institut Penilaian Negara )
Format: Book
Language:English
Subjects:

MARC

LEADER 00000cam a2200000 7i4500
001 0000028337
005 20190131.0
008 190129 my a eng
040 |a INS   |b eng   |c INS   |e rda 
090 0 0 |a M484 
110 1 |a OJT : Pemantapan dokumentasi akreditasi MQA ,   |d 2018 20 - 22 Mac   |c INSPEN, Bangi 
245 0 0 |a OJT : Pemantapan dokumentasi akreditasi MQA :   |b 20 - 22 Mac 2018   |c Anjuran Pusat Pembangunan Profesional, INSPEN 
264 0 |a Bangi :   |b Institut Penilaian Negara   |c 2018 
300 |a 1 volume (Various pagings) :   |b illustration, pictures ;   |c 30 cm. 
336 |a text  |2 rdacontent 
337 |a unmediated  |2 rdamedia 
338 |a volume  |2 rdacarrier 
610 0 0 |a Agensi Kelayakan Malaysia (MQA) 
710 1 |a INSPEN ( Institut Penilaian Negara ) 
999 |a M000001224   |b BOOK   |c Course Notes   |e Default branch